[Event "IECC KO email"]
[Site "IECC email"]
[Date "2003.05.12"]
[Round "?"]
[White "Eze, Kingsley"]
[Black "Benum, Sharon"]
[Result "0-1"]
[WhiteElo "1045"]
[BlackElo "1033"]
[PlyCount "32"]
[EventDate "2003.??.??"]
[EventType "tourn (corr)"]
[EventRounds "6"]
[SourceTitle "Corr 2008"]
[Source "ChessBase"]
[SourceDate "2008.06.24"]
[SourceVersion "1"]
[SourceVersionDate "2008.06.24"]
[SourceQuality "1"]

1. e4 c6 2. d4 d5 3. Nc3 e6 4. Nf3 Nd7 5. Bf4 Bb4 6. Bd3 Ne7 7. 0-0 Ng6 8. Bg3 0-0 9. e5 c5 10. Nb5 c4 11. c3 Qb6 12. Nd6 Bxd6 13. Bxg6 fxg6 14. exd6 Qxb2 15. Qc1 Qxc1 16. Rfxc1 Nf6 0-1

[Event "IECC M email"]
[Site "IECC email"]
[Date "2003.04.30"]
[Round "?"]
[White "Benum, Sharon"]
[Black "Eze, Kingsley"]
[Result "1-0"]
[WhiteElo "1000"]
[BlackElo "1102"]
[PlyCount "31"]
[EventDate "2003.??.??"]
[EventType "tourn (corr)"]
[EventRounds "6"]
[SourceTitle "Corr 2008"]
[Source "ChessBase"]
[SourceDate "2008.06.24"]
[SourceVersion "1"]
[SourceVersionDate "2008.06.24"]
[SourceQuality "1"]

1. d4 Nf6 2. Nf3 e6 3. Bf4 d6 4. Nbd2 b5 5. e3 Ba6 6. Bd3 c5 7. c3 c4 8. Bc2 Nc6 9. 0-0 Bb7 10. e4 Nd7 11. Qe2 Be7 12. e5 dxe5 13. Nxe5 Ncxe5 14. Bxe5 Nxe5 15. Qxe5 Bf6 16. Qxb5+ 1-0

[Event "IECC KO email"]
[Site "IECC email"]
[Date "2000.12.30"]
[Round "?"]
[White "Werhan, Matthew"]
[Black "Eze, Kingsley"]
[Result "0-1"]
[WhiteElo "1039"]
[BlackElo "1098"]
[PlyCount "82"]
[EventDate "2000.??.??"]
[EventType "tourn (corr)"]
[EventRounds "6"]
[SourceTitle "Corr 2008"]
[Source "ChessBase"]
[SourceDate "2008.06.24"]
[SourceVersion "1"]
[SourceVersionDate "2008.06.24"]
[SourceQuality "1"]

1. e4 c5 2. Nf3 Nc6 3. d4 cxd4 4. Nxd4 g6 5. Nc3 Bg7 6. Be3 Nf6 7. f3 0-0 8. Qd2 d5 9. 0-0-0 e6 10. h4 Ne7 11. g4 e5 12. Nde2 d4 13. g5 Nh5 14. Bf2 Qa5 15. Nxd4 exd4 16. Nd5 Qxd2+ 17. Rxd2 Nxd5 18. exd5 f5 19. Bc4 Rd8 20. Re2 Bd7 21. Re7 f4 22. d6+ Kh8 23. Rhe1 Ng3 24. Rd1 Nf5 25. Re4 Bc6 26. Rexd4 Nxd4 27. Rxd4 Bxf3 28. Bb3 Be5 29. d7 h5 30. Rd3 Bg4 31. Rd5 Bc7 32. Ba4 a6 33. Bd4+ Kh7 34. c3 b5 35. Bc2 Rxd7 36. Rc5 Bb6 37. Rc6 Bxd4 38. Bxg6+ Kg7 39. cxd4 Rxd4 40. Rf6 Rc8+ 41. Kb1 Rd1# 0-1

[Event "IECC KO email"]
[Site "IECC email"]
[Date "1999.10.16"]
[Round "?"]
[White "Leanza, Marco Antonio"]
[Black "Eze, Kingsley"]
[Result "1/2-1/2"]
[WhiteElo "1180"]
[BlackElo "1000"]
[PlyCount "44"]
[EventDate "1999.??.??"]
[EventType "tourn (corr)"]
[EventRounds "6"]
[SourceTitle "Corr 2008"]
[Source "ChessBase"]
[SourceDate "2008.06.24"]
[SourceVersion "1"]
[SourceVersionDate "2008.06.24"]
[SourceQuality "1"]

1. d4 d5 2. Nf3 Bf5 3. c4 c6 4. cxd5 cxd5 5. Qb3 Qd7 6. Ne5 Qc8 7. Nc3 e6 8. Bf4 Ne7 9. Rc1 Nec6 10. f3 Nxd4 11. Qa4+ Ndc6 12. e4 dxe4 13. fxe4 Bg6 14. Nxg6 fxg6 15. Bb5 Nd7 16. Bxc6 Qxc6 17. Qb3 Bc5 18. Qb5 Rc8 19. Qxc6 Rxc6 20. Na4 0-0 21. Rf1 e5 22. Bxe5 Bf2+ 1/2-1/2

[Event "IECC Y2KO email"]
[Site "IECC email"]
[Date "1999.10.14"]
[Round "?"]
[White "Eze, Kingsley"]
[Black "Mano, Alexandre"]
[Result "0-1"]
[WhiteElo "1031"]
[BlackElo "1727"]
[PlyCount "56"]
[EventDate "1999.??.??"]
[EventType "tourn (corr)"]
[EventRounds "2"]
[SourceTitle "Corr 2008"]
[Source "ChessBase"]
[SourceDate "2008.06.24"]
[SourceVersion "1"]
[SourceVersionDate "2008.06.24"]
[SourceQuality "1"]

1. Nf3 Nf6 2. Nc3 d5 3. d4 Bf5 4. Bf4 e6 5. a3 c5 6. dxc5 Bxc5 7. e3 0-0 8. Be2 Nc6 9. 0-0 h6 10. Nh4 Bh7 11. Bg3 d4 12. Na4 Be7 13. exd4 Nxd4 14. Bd3 Ne4 15. f3 Nxg3 16. Bxh7+ Kxh7 17. hxg3 Bxh4 18. gxh4 Qxh4 19. Re1 Nxf3+ 20. Qxf3 Qxa4 21. b3 Qc6 22. Qd3+ f5 23. Re2 Rad8 24. Qf3 Qxf3 25. gxf3 Rd5 26. Rae1 Rc8 27. Rxe6 Rxc2 28. Re7 Rb5 0-1

[Event "IECC M email"]
[Site "IECC email"]
[Date "1998.11.22"]
[Round "?"]
[White "Castiglione, Federico"]
[Black "Eze, Kingsley"]
[Result "0-1"]
[WhiteElo "1015"]
[BlackElo "1000"]
[PlyCount "62"]
[EventDate "1998.??.??"]
[EventType "tourn (corr)"]
[EventRounds "12"]
[SourceTitle "Corr 2008"]
[Source "ChessBase"]
[SourceDate "2008.06.24"]
[SourceVersion "1"]
[SourceVersionDate "2008.06.24"]
[SourceQuality "1"]

1. Nf3 Nf6 2. e3 d5 3. b3 e6 4. Bb2 Bd6 5. Ne5 Qe7 6. f4 Ne4 7. g3 g6 8. Nxg6 hxg6 9. Bxh8 f6 10. Qg4 Qh7 11. Be2 Nc6 12. Bxf6 Nxf6 13. Qf3 e5 14. Nc3 Nb4 15. 0-0 e4 16. Qh1 c6 17. Bd1 Bh3 18. Re1 0-0-0 19. a3 Na6 20. d3 Re8 21. dxe4 dxe4 22. Be2 Nc7 23. b4 Ncd5 24. Nxd5 cxd5 25. Bf1 Bg4 26. Be2 Qg7 27. h3 Bxe2 28. Rxe2 Nh5 29. Kf2 g5 30. g4 gxf4 31. gxh5 Rf8 0-1